[Event "BL 0910 SK König Tegel - SG Turm Trier"]
[Site "?"]
[Date "2010.02.28"]
[Round "11.3"]
[White "Haslinger, Stewart"]
[Black "Muse, Mladen"]
[Result "1/2-1/2"]
[WhiteElo "2529"]
[BlackElo "2448"]
[PlyCount "106"]
[EventDate "2010.??.??"]

1. e4 g6 2. d4 Bg7 3. Nc3 d6 4. Be3 a6 5. f4 Nd7 6. Nf3 b5 7. Bd3 Bb7 8. e5 Nh6
9. Qe2 Nb6 10. O-O-O Qd7 11. Rhg1 Nd5 12. Nxd5 Bxd5 13. Kb1 O-O 14. Bc1 f5 15.
h3 Qc6 16. Nd2 Rab8 17. Nf1 dxe5 18. dxe5 Rfd8 19. Ne3 Be4 20. h4 e6 21. Rdf1
Rd4 22. Bxe4 Qxe4 23. Qf2 Rbd8 24. Rh1 Ng4 25. Nxg4 fxg4 26. h5 Qf5 27. hxg6
hxg6 28. g3 Kf7 29. Rh4 Kg8 30. Qe2 R8d5 31. Qxg4 Rxe5 32. Qxf5 Rxf5 33. Re1 e5
34. g4 Rf7 35. fxe5 Re7 36. c3 Rc4 37. e6 Rc6 38. Bf4 Rcxe6 39. Rxe6 Rxe6 40.
Bxc7 Re1+ 41. Kc2 Re2+ 42. Kb3 Rg2 43. Bd8 Rd2 44. Bg5 Rg2 45. Bd8 Rd2 46. Bc7
Rg2 47. g5 Rxg5 48. Kb4 Rg2 49. Rh2 Rg4+ 50. Ka5 Ra4+ 51. Kb6 Rxa2 52. Bd6 Bf6
53. Rf2 Kg7 1/2-1/2

[Event "BL 0910 SK König Tegel - SG Turm Trier"]
[Site "?"]
[Date "2010.02.28"]
[Round "11.4"]
[White "Von Herman, Ulf"]
[Black "Gordon, Stephen"]
[Result "1/2-1/2"]
[WhiteElo "2424"]
[BlackElo "2535"]
[PlyCount "87"]
[EventDate "2010.??.??"]

1. d4 Nf6 2. c4 e6 3. Nf3 b6 4. Nc3 Bb7 5. a3 d5 6. Bg5 Be7 7. e3 O-O 8. Bd3
Nbd7 9. cxd5 exd5 10. Qe2 a6 11. O-O c5 12. dxc5 bxc5 13. b4 cxb4 14. axb4 Bxb4
15. Qb2 a5 16. Na2 h6 17. Bh4 Qb6 18. Rab1 Ba6 19. Bxa6 Rxa6 20. Nxb4 axb4 21.
Qxb4 Qxb4 22. Rxb4 Rfa8 23. Rd4 Ra1 24. g4 Rxf1+ 25. Kxf1 Ra5 26. Nd2 g5 27.
Bg3 Nf8 28. Be5 N6d7 29. Nf3 Ne6 30. Rb4 Nxe5 31. Nxe5 d4 32. exd4 Nxd4 33.
Nxf7 Kxf7 34. Rxd4 Ra6 35. h4 gxh4 36. Kg2 Kg6 37. Rd5 Ra4 38. f3 Ra2+ 39. Kh3
Ra3 40. Kg2 Ra2+ 41. Kh3 Ra3 42. Rf5 h5 43. Kxh4 hxg4 44. fxg4 1/2-1/2

[Event "BL 0910 SK König Tegel - SG Turm Trier"]
[Site "?"]
[Date "2010.02.28"]
[Round "11.5"]
[White "Jaracz, Pawel"]
[Black "Fruebing, Stefan"]
[Result "1-0"]
[WhiteElo "2547"]
[BlackElo "2337"]
[PlyCount "105"]
[EventDate "2010.??.??"]

1. c4 Nf6 2. Nc3 g6 3. g3 Bg7 4. Bg2 O-O 5. e4 e5 6. Nge2 d6 7. O-O Nc6 8. d3
Nd4 9. Nxd4 exd4 10. Ne2 Ne8 11. b4 c5 12. a3 Nc7 13. Rb1 b6 14. h3 Bd7 15. b5
a6 16. a4 Ra7 17. Nf4 axb5 18. axb5 Bc8 19. Bd2 Bb7 20. Ra1 Qa8 21. Rxa7 Qxa7
22. Re1 Re8 23. h4 Ne6 24. Nd5 Bxd5 25. exd5 Nc7 26. Bh3 Bf8 27. Bg5 Qa3 28.
Rxe8 Nxe8 29. h5 gxh5 30. Bd8 Qa7 31. Qe2 Ng7 32. Bf6 Qa3 33. Kg2 Qa7 34. Qe4
h6 35. Qe2 Qc7 36. Kh2 Qa7 37. Qe4 Qc7 38. Bh4 Qa7 39. Kg2 Qc7 40. Kg1 Qa7 41.
Kh2 Qc7 42. f4 Qa7 43. f5 Qa2+ 44. Bg2 Qf2 45. Qf3 Qe3 46. Bd8 h4 47. Bxh4 Qe5
48. Bh3 Be7 49. Bxe7 Qxe7 50. f6 Qe3 51. Qg4 Qf2+ 52. Bg2 Qxf6 53. Qc8+ 1-0

[Event "BL 0910 SK König Tegel - SG Turm Trier"]
[Site "?"]
[Date "2010.02.28"]
[Round "11.6"]
[White "Sarbok, Torsten"]
[Black "Flumbort, Andras"]
[Result "1/2-1/2"]
[WhiteElo "2319"]
[BlackElo "2513"]
[PlyCount "43"]
[EventDate "2010.??.??"]

1. e4 c5 2. Nf3 e6 3. d4 cxd4 4. Nxd4 Nc6 5. Nxc6 bxc6 6. Bd3 Nf6 7. O-O d5 8.
e5 Nd7 9. Qe2 g6 10. Nd2 Bg7 11. Nf3 Qc7 12. Re1 Rb8 13. b3 c5 14. h4 O-O 15.
Bg5 c4 16. bxc4 dxc4 17. Bxc4 Bb7 18. Bb3 Rfc8 19. Rad1 Bxf3 20. Qxf3 Nxe5 21.
Qg3 Rb4 22. c3 1/2-1/2

[Event "BL 0910 SK König Tegel - SG Turm Trier"]
[Site "?"]
[Date "2010.02.28"]
[Round "11.7"]
[White "Seger, Ruediger"]
[Black "Breier, Andreas"]
[Result "1-0"]
[WhiteElo "2407"]
[BlackElo "2405"]
[PlyCount "89"]
[EventDate "2010.??.??"]

1. e4 e6 2. d4 d5 3. Nd2 c5 4. exd5 exd5 5. Ngf3 Nc6 6. Bb5 Bd6 7. dxc5 Bxc5 8.
O-O Nge7 9. Nb3 Bd6 10. Bg5 O-O 11. c3 Qc7 12. Re1 a6 13. Be2 h6 14. Bxe7 Nxe7
15. Nbd4 Nc6 16. g3 Bg4 17. Nh4 Bxe2 18. Rxe2 Be5 19. Ndf3 Rad8 20. Nf5 Bf6 21.
Rd2 Ne5 22. Nxe5 Qxe5 23. Qf3 Qe4 24. Qxe4 dxe4 25. Rad1 Rde8 26. Rd6 Bg5 27.
h4 Bd8 28. Rd7 b5 29. R1d6 a5 30. Rd5 b4 31. cxb4 axb4 32. Rb7 Bf6 33. Rxb4 Rc8
34. Rd2 Rc5 35. Ne3 Re8 36. Rc4 Ra5 37. b3 Ra3 38. Ng4 Ba1 39. Ne3 Rea8 40.
Rxe4 Rxa2 41. Rxa2 Rxa2 42. Ra4 Rxa4 43. bxa4 Bc3 44. Nd5 Bd4 45. Ne7+ 1-0

[Event "BL 0910 SK König Tegel - SG Turm Trier"]
[Site "?"]
[Date "2010.02.28"]
[Round "11.8"]
[White "Kachibadze, Georg"]
[Black "Cioara, Andrei Nestor"]
[Result "0-1"]
[WhiteElo "2239"]
[BlackElo "2415"]
[PlyCount "84"]
[EventDate "2010.??.??"]

1. e4 c6 2. Nf3 d5 3. exd5 cxd5 4. Ne5 Nc6 5. Bb5 Bd7 6. Nxd7 Qxd7 7. d4 Nf6 8.
c3 e6 9. O-O Be7 10. Nd2 a6 11. Bd3 O-O 12. Re1 Qc7 13. Nf3 Nd7 14. Ne5 Ncxe5
15. dxe5 Nxe5 16. Bf4 Bd6 17. Bxe5 Bxe5 18. Qh5 f5 19. f4 Qb6+ 20. Kh1 Bxf4 21.
c4 d4 22. c5 Qc6 23. Bc4 Be3 24. Rf1 g6 25. Qf3 Rfe8 26. Qxc6 bxc6 27. b4 Kg7
28. a4 e5 29. b5 axb5 30. axb5 cxb5 31. Bxb5 Rec8 32. c6 e4 33. g3 d3 34. Kg2
Bd4 35. Rxa8 Rxa8 36. Rc1 Ra2+ 37. Kh3 Rc2 38. Rd1 Be5 39. Ba4 Ra2 40. Bb3 Rb2
41. Be6 Kf6 42. Bd7 g5 0-1

[Event "BL 0910 Bayern München - SC Eppingen"]
[Site "?"]
[Date "2010.03.20"]
[Round "12.1"]
[White "Tiviakov, Sergei"]
[Black "Bromberger, Stefan"]
[Result "1/2-1/2"]
[WhiteElo "2670"]
[BlackElo "2518"]
[PlyCount "98"]
[EventDate "2010.??.??"]

1. e4 e5 2. Nf3 Nc6 3. Bc4 Nf6 4. d3 Bc5 5. c3 O-O 6. Bg5 h6 7. Bh4 Be7 8. Nbd2
d6 9. Nf1 Kh8 10. Bg3 Na5 11. Bb5 a6 12. Ba4 b5 13. Bc2 c5 14. Ne3 Be6 15. O-O
Nc6 16. h3 Re8 17. d4 exd4 18. cxd4 d5 19. exd5 Bxd5 20. Nxd5 Qxd5 21. dxc5
Qxc5 22. Bb3 Rad8 23. Qc1 Kg8 24. a4 Nd4 25. Nxd4 Qxd4 26. axb5 axb5 27. Qc6
Qxb2 28. Qxb5 Qd4 29. Rac1 Qb4 30. Qxb4 Bxb4 31. Rc7 Re7 32. Rfc1 Rxc7 33. Rxc7
Rd7 34. Rc8+ Bf8 35. Be5 Rb7 36. Bd6 Nd7 37. Ba4 Rb6 38. Bc6 g5 39. Bg3 Nf6 40.
Be5 Kg7 41. Kh2 Ba3 42. g4 Bb2 43. Bd6 Nd7 44. Kg2 Be5 45. Be7 Bf6 46. Ba3 Ra6
47. Bb4 Rb6 48. Ba5 Ra6 49. Bb4 Rb6 1/2-1/2

[Event "BL 0910 Bayern München - SC Eppingen"]
[Site "?"]
[Date "2010.03.20"]
[Round "12.2"]
[White "Schenk, Andreas"]
[Black "Postny, Evgeny"]
[Result "0-1"]
[WhiteElo "2509"]
[BlackElo "2651"]
[PlyCount "58"]
[EventDate "2010.??.??"]

1. d4 Nf6 2. c4 e6 3. Nf3 b6 4. g3 Ba6 5. Nbd2 c5 6. Bg2 Nc6 7. dxc5 bxc5 8.
O-O Be7 9. b3 O-O 10. Bb2 d6 11. Ng5 Bb7 12. Nge4 Nxe4 13. Nxe4 f5 14. Nc3 Bf6
15. e3 Qe7 16. Qe2 g5 17. h3 Qg7 18. Rac1 g4 19. Na4 Bxb2 20. Nxb2 Ne5 21. Nd3
Bf3 22. Bxf3 Nxf3+ 23. Kh1 Qb7 24. e4 e5 25. hxg4 fxe4 26. Ne1 Qg7 27. Kg2 Qh6
28. Rh1 Qxc1 29. Qxe4 Nxe1+ 0-1

[Event "BL 0910 Bayern München - SC Eppingen"]
[Site "?"]
[Date "2010.03.20"]
[Round "12.3"]
[White "Berkes, Ferenc"]
[Black "Renner, Christoph"]
[Result "1-0"]
[WhiteElo "2663"]
[BlackElo "2440"]
[PlyCount "111"]
[EventDate "2010.??.??"]

1. c4 f5 2. Nf3 Nf6 3. g3 g6 4. Bg2 Bg7 5. O-O O-O 6. Nc3 d6 7. d4 c6 8. Qb3
Na6 9. Rd1 Nc7 10. Rb1 Rb8 11. a4 Kh8 12. d5 Bd7 13. Qa3 c5 14. Bd2 Na6 15. b3
h6 16. Qc1 Kh7 17. Ne1 Qe8 18. Nd3 g5 19. f4 Qh5 20. Nf2 gxf4 21. Bxf4 Nb4 22.
Qd2 Qg6 23. e3 a6 24. Re1 Rf7 25. Kh1 Kh8 26. a5 Rbf8 27. Rg1 Nh7 28. Rbe1 Ng5
29. Rgf1 Kg8 30. Ncd1 Qh5 31. Qe2 Qg6 32. Rg1 Kh8 33. Ref1 Bc8 34. h4 Rf6 35.
Kh2 Nf7 36. e4 e5 37. dxe6 Bxe6 38. Ne3 Nc6 39. exf5 Bxf5 40. Nxf5 Qxf5 41. Ne4
Nd4 42. Qd1 Re6 43. Bxd6 Nxd6 44. Rxf5 N6xf5 45. Re1 Rfe8 46. Kh3 R8e7 47. Qg4
Re5 48. Bf1 Nc2 49. Rd1 Nfd4 50. Nd6 R5e6 51. Nf5 Nxf5 52. Qxf5 Nd4 53. Qxc5
Nc6 54. Qf5 Re3 55. Bd3 Be5 56. Qf8# 1-0

[Event "BL 0910 Bayern München - SC Eppingen"]
[Site "?"]
[Date "2010.03.20"]
[Round "12.5"]
[White "Ruck, Robert"]
[Black "Meissner, Bernd"]
[Result "1-0"]
[WhiteElo "2548"]
[BlackElo "2410"]
[PlyCount "101"]
[EventDate "2010.??.??"]

1. Nf3 Nf6 2. c4 g6 3. Nc3 Bg7 4. d4 O-O 5. e4 d6 6. Be2 c5 7. O-O cxd4 8. Nxd4
Nc6 9. Be3 Nxd4 10. Bxd4 Bd7 11. Re1 Bc6 12. Bd3 Qa5 13. Qd2 Ng4 14. Bxg7 Kxg7
15. Be2 Nf6 16. Bf1 a6 17. a3 Rfd8 18. b4 Qh5 19. Re3 Qg5 20. g3 Qh6 21. f3 e6
22. Rd1 Kg8 23. Rd3 Qh5 24. g4 Qh4 25. Qf2 Qg5 26. h4 Qf4 27. Qh2 Qxh2+ 28.
Kxh2 Ne8 29. c5 Rd7 30. cxd6 e5 31. a4 b6 32. g5 Rad8 33. R3d2 a5 34. bxa5 bxa5
35. Bb5 Bxb5 36. Nxb5 f6 37. Rd5 Kf7 38. gxf6 Kxf6 39. f4 exf4 40. e5+ Kf5 41.
Nd4+ Ke4 42. Ne6 Kf5 43. Nxd8 Rxd8 44. Rxa5 Ng7 45. Ra7 Ne6 46. Rf7+ Kxe5 47.
d7 Nd4 48. Re7+ Kf6 49. Re4 Nf3+ 50. Kh3 g5 51. Re8 1-0

[Event "BL 0910 Bayern München - SC Eppingen"]
[Site "?"]
[Date "2010.03.20"]
[Round "12.7"]
[White "Guliyev, Namig"]
[Black "Reich, Thomas"]
[Result "1/2-1/2"]
[WhiteElo "2525"]
[BlackElo "2368"]
[PlyCount "117"]
[EventDate "2010.??.??"]

1. e4 c5 2. Nc3 Nc6 3. g3 g6 4. Bg2 Bg7 5. d3 d6 6. f4 Nf6 7. Nf3 O-O 8. O-O
Rb8 9. h3 b5 10. Be3 b4 11. Ne2 Ne8 12. c3 Nc7 13. Qd2 Nb5 14. c4 Nbd4 15. g4
Nxe2+ 16. Qxe2 Nd4 17. Nxd4 cxd4 18. Bd2 e5 19. f5 Bf6 20. Bh6 Bg5 21. Bxf8
Qxf8 22. Rf3 Bd7 23. Raf1 Be8 24. Kh1 Qh6 25. Qf2 Rb7 26. Qc2 a5 27. fxg6 hxg6
28. c5 Rc7 29. Qb3 Qf8 30. cxd6 Qxd6 31. Qd5 Qxd5 32. exd5 Bb5 33. Re1 f6 34.
Re2 Rc1+ 35. Rf1 Rxf1+ 36. Bxf1 Bxd3 37. Re1 Bxf1 38. Rxf1 e4 39. h4 Bxh4 40.
d6 e3 41. d7 f5 42. Kg2 fxg4 43. Rh1 Bd8 44. Kg3 Kf7 45. Kxg4 Ke6 46. Kf3 Kxd7
47. Rh6 g5 48. Rg6 Be7 49. Ke2 Bd8 50. Kd3 Be7 51. Ra6 Bd8 52. Rh6 Bc7 53. Rh7+
Kd8 54. Rg7 Bf4 55. a4 bxa3 56. bxa3 Bd6 57. a4 Bb4 58. Rxg5 Kc7 59. Rg6
1/2-1/2

[Event "BL 0910 Bayern München - SC Eppingen"]
[Site "?"]
[Date "2010.03.20"]
[Round "12.8"]
[White "Jorczik, Julian"]
[Black "Mann, Christian"]
[Result "1-0"]
[WhiteElo "2374"]
[BlackElo "2454"]
[PlyCount "85"]
[EventDate "2010.??.??"]

1. d4 Nf6 2. c4 g6 3. Nc3 d5 4. Bg5 Bg7 5. Bxf6 Bxf6 6. cxd5 c6 7. Rc1 O-O 8.
dxc6 Qxd4 9. Qxd4 Bxd4 10. cxb7 Bxb7 11. Nf3 Bg7 12. e3 Na6 13. Be2 Rfc8 14.
O-O Nc5 15. Nd4 Rab8 16. b3 Ne6 17. Nxe6 Bxc3 18. Bc4 Bb2 19. Rb1 Bf6 20. Nd4
Rc5 21. Rfd1 Rbc8 22. Rb2 Bd5 23. Bxd5 Rxd5 24. Rbd2 Bxd4 25. exd4 e5 26. Kf1
Rcd8 27. Ke2 exd4 28. Kd3 R5d7 29. Rc1 Kg7 30. Rc4 f5 31. Rdc2 Kf6 32. Ra4 Re7
33. Rxd4 Rxd4+ 34. Kxd4 h5 35. b4 h4 36. Rb2 h3 37. gxh3 Kg5 38. a4 Kh4 39. f3
Kxh3 40. b5 g5 41. a5 Rd7+ 42. Kc5 Rd3 43. b6 1-0

[Event "BL 0910 Erfurter SK - SG Turm Trier"]
[Site "?"]
[Date "2010.03.20"]
[Round "12.1"]
[White "Lupulescu, Constantin"]
[Black "Romanov, Evgeny"]
[Result "1-0"]
[WhiteElo "2599"]
[BlackElo "2588"]
[PlyCount "51"]
[EventDate "2010.??.??"]

1. e4 e5 2. Nc3 Nf6 3. g3 Bb4 4. Bg2 Bxc3 5. bxc3 d6 6. d3 Nbd7 7. f4 b6 8. Nf3
Bb7 9. O-O h6 10. fxe5 dxe5 11. Nh4 g6 12. Be3 Qe7 13. Bh3 h5 14. Bg5 Qc5+ 15.
Kh1 Ng4 16. Bxg4 hxg4 17. Qxg4 Qc6 18. Rf2 Bc8 19. Qf3 Rh7 20. Raf1 Bb7 21. Kg1
Qe6 22. c4 Rh5 23. Bf6 Nxf6 24. Qxf6 Qxf6 25. Rxf6 Rh7 26. Nf3 1-0

[Event "BL 0910 Erfurter SK - SG Turm Trier"]
[Site "?"]
[Date "2010.03.20"]
[Round "12.2"]
[White "Casper, Thomas"]
[Black "Cyborowski, Lukasz"]
[Result "0-1"]
[WhiteElo "2395"]
[BlackElo "2503"]
[PlyCount "72"]
[EventDate "2010.??.??"]

1. e4 c5 2. Nf3 e6 3. d3 Nc6 4. g3 g6 5. Bg2 Bg7 6. O-O Nge7 7. Re1 d6 8. c3 e5
9. Nbd2 O-O 10. a3 a5 11. a4 h6 12. Nc4 f5 13. Qb3 Be6 14. exf5 gxf5 15. Nh4
Bf7 16. Qd1 d5 17. Ne3 Qd7 18. g4 f4 19. Nef5 Be6 20. Kh1 Kh7 21. Nxg7 Kxg7 22.
h3 h5 23. gxh5 Bxh3 24. Bf3 Kh7 25. Rg1 Rg8 26. Bd2 Rxg1+ 27. Qxg1 Rg8 28. Qh2
Bg4 29. Bg2 Rg5 30. f3 Be6 31. Rg1 Rxh5 32. Be1 Nf5 33. Bf1 Qe7 34. Bh3 Ng3+
35. Bxg3 fxg3 36. Qxg3 Rxh4 0-1

[Event "BL 0910 Erfurter SK - SG Turm Trier"]
[Site "?"]
[Date "2010.03.20"]
[Round "12.3"]
[White "Haslinger, Stewart"]
[Black "Enders, Peter"]
[Result "1-0"]
[WhiteElo "2529"]
[BlackElo "2467"]
[PlyCount "117"]
[EventDate "2010.??.??"]

1. e4 c5 2. Nf3 Nc6 3. d4 cxd4 4. Nxd4 Nf6 5. Nc3 d6 6. Bg5 e6 7. Qd2 Be7 8.
O-O-O O-O 9. f4 Nxd4 10. Qxd4 Qa5 11. Bc4 h6 12. Bh4 e5 13. fxe5 dxe5 14. Qd3
Be6 15. Bxf6 Bxf6 16. Nd5 Bd8 17. Kb1 Qc5 18. Qe2 Kh8 19. Bb3 b5 20. a3 a5 21.
g4 Bh4 22. Rd3 Rac8 23. Rf1 a4 24. Rc3 Qd6 25. Rxc8 Rxc8 26. Ba2 Qc5 27. c3 Rd8
28. h3 Rd7 29. Rd1 Bg5 30. Qh2 Bf4 31. Qg1 Qxg1 32. Rxg1 g5 33. Kc2 Kg7 34. Rg2
Rd6 35. b4 axb3+ 36. Bxb3 h5 37. c4 hxg4 38. hxg4 Bd7 39. Kc3 bxc4 40. Bxc4 Ba4
41. Ne7 Kf6 42. Nf5 Rc6 43. Rb2 Bd1 44. Rb7 Re6 45. Bxe6 fxe6 46. Nd6 Bxg4 47.
Kd3 Bd1 48. Rb1 Ba4 49. Nb7 g4 50. Nc5 Bc6 51. Ke2 Ke7 52. Rb6 Be8 53. Rxe6+
Kd8 54. a4 Bf7 55. a5 g3 56. a6 g2 57. a7 Bxe6 58. a8=Q+ Ke7 59. Qa7+ 1-0

[Event "BL 0910 Erfurter SK - SG Turm Trier"]
[Site "?"]
[Date "2010.03.20"]
[Round "12.4"]
[White "Mueller, Matthias"]
[Black "Gordon, Stephen"]
[Result "1/2-1/2"]
[WhiteElo "2410"]
[BlackElo "2535"]
[PlyCount "50"]
[EventDate "2010.??.??"]

1. e4 c5 2. Nf3 Nc6 3. d4 cxd4 4. Nxd4 e5 5. Nb5 d6 6. c4 Be7 7. Bd3 a6 8. N5c3
Bg5 9. Na3 Bxc1 10. Rxc1 Nf6 11. O-O O-O 12. Nc2 Be6 13. Qd2 Qa5 14. Rfd1 Rfc8
15. b4 Qb6 16. Bf1 Ne7 17. Qe3 Qc7 18. Na3 Nc6 19. Nd5 Qd8 20. Nxf6+ Qxf6 21.
Nc2 Qe7 22. a4 Nd8 23. Na3 Nc6 24. Nc2 Nd8 25. Na3 Nc6 1/2-1/2

[Event "BL 0910 Erfurter SK - SG Turm Trier"]
[Site "?"]
[Date "2010.03.20"]
[Round "12.5"]
[White "Jaracz, Pawel"]
[Black "Voekler, Bernd"]
[Result "1-0"]
[WhiteElo "2547"]
[BlackElo "2393"]
[PlyCount "59"]
[EventDate "2010.??.??"]

1. Nf3 Nf6 2. d4 g6 3. Nbd2 d5 4. b4 Bg7 5. e3 O-O 6. Bb2 Nbd7 7. c4 c6 8. Be2
Ne4 9. O-O f5 10. Qc2 e6 11. a4 g5 12. b5 g4 13. Ne5 Rf6 14. Nxe4 dxe4 15. bxc6
bxc6 16. g3 Qc7 17. c5 h5 18. Bc3 Rh6 19. Qd2 Nxe5 20. dxe5 Bf8 21. Rfd1 Qh7
22. h4 gxh3 23. Kh2 Be7 24. Ba5 Rg6 25. Bd8 Bxc5 26. Rac1 Bf8 27. Rxc6 Rg7 28.
Bc4 Qg6 29. Bf6 h4 30. Bxg7 1-0

[Event "BL 0910 Erfurter SK - SG Turm Trier"]
[Site "?"]
[Date "2010.03.20"]
[Round "12.6"]
[White "Schoene, Maria"]
[Black "Erdoes, Viktor"]
[Result "0-1"]
[WhiteElo "2274"]
[BlackElo "2591"]
[PlyCount "138"]
[EventDate "2010.??.??"]

1. e4 e5 2. Nf3 Nc6 3. Bb5 Nf6 4. d3 Bc5 5. O-O Nd4 6. Nxd4 Bxd4 7. c3 Bb6 8.
Qe2 c6 9. Ba4 O-O 10. h3 Re8 11. Nd2 d5 12. Rd1 h6 13. Nf1 Be6 14. Ng3 Qd7 15.
Qf3 Kh7 16. Bc2 d4 17. Bb3 Rad8 18. Bxe6 Qxe6 19. c4 g6 20. Rf1 Bc7 21. Bd2 Nd7
22. Qe2 Rf8 23. Rfc1 Rde8 24. b4 f5 25. f3 Bd8 26. a4 Bh4 27. Nh1 Rf7 28. c5
Qe7 29. Rc4 Nf8 30. Rb1 Qd7 31. Rcc1 Qd8 32. Rf1 f4 33. Be1 Ne6 34. Bxh4 Qxh4
35. Rfc1 h5 36. Rc2 Rg7 37. Ra1 Qe7 38. Rb1 Nf8 39. Nf2 Nd7 40. a5 a6 41. Kf1
Qg5 42. Nh1 Nf8 43. Kg1 Kh8 44. Kf1 Ree7 45. Ra1 Ne6 46. Rb2 Ref7 47. Ke1 Qh6
48. Nf2 g5 49. Kd2 Kg8 50. Rh1 Nc7 51. Qd1 Nb5 52. Qb3 Kf8 53. Rbb1 Qf6 54.
Rbf1 Ke8 55. Qc4 Kd8 56. Qb3 Kc7 57. Qc4 Kb8 58. Qb3 Ka7 59. Qc4 Rf8 60. Qb3
Nc3 61. Qc4 Rfg8 62. Kc2 g4 63. hxg4 hxg4 64. Nxg4 Rxg4 65. fxg4 Rxg4 66. Rf2
Qg6 67. Rh2 Rg3 68. Kb3 Nxe4 69. Re2 Rxd3+ 0-1

[Event "BL 0910 Erfurter SK - SG Turm Trier"]
[Site "?"]
[Date "2010.03.20"]
[Round "12.7"]
[White "Flumbort, Andras"]
[Black "Troyke, Christian"]
[Result "1/2-1/2"]
[WhiteElo "2513"]
[BlackElo "2350"]
[PlyCount "35"]
[EventDate "2010.??.??"]

1. d4 Nf6 2. c4 g6 3. Nf3 Bg7 4. g3 O-O 5. Bg2 d6 6. O-O Nbd7 7. Nc3 e5 8. h3
Re8 9. e4 exd4 10. Nxd4 Nc5 11. Re1 a5 12. Rb1 Bd7 13. Bf4 Qc8 14. Kh2 Nh5 15.
Be3 Nf6 16. Bf4 Nh5 17. Be3 Nf6 18. Bf4 1/2-1/2

[Event "BL 0910 Erfurter SK - SG Turm Trier"]
[Site "?"]
[Date "2010.03.20"]
[Round "12.8"]
[White "Schuetze, Norman"]
[Black "Cioara, Andrei Nestor"]
[Result "1/2-1/2"]
[WhiteElo "2278"]
[BlackElo "2415"]
[PlyCount "67"]
[EventDate "2010.??.??"]

1. e4 c6 2. d4 d5 3. Nd2 dxe4 4. Nxe4 Bf5 5. Ng3 Bg6 6. h4 h6 7. Nf3 Nd7 8. h5
Bh7 9. Bd3 Bxd3 10. Qxd3 e6 11. Bf4 Qa5+ 12. Bd2 Qc7 13. O-O-O Ngf6 14. c4
O-O-O 15. Bc3 c5 16. Kb1 cxd4 17. Nxd4 a6 18. Nb3 Be7 19. Qe2 Nc5 20. Be5 Bd6
21. Rxd6 Rxd6 22. Nxc5 Qxc5 23. Bxd6 Qxd6 24. Rd1 Qc6 25. f3 Rd8 26. Rxd8+ Kxd8
27. Qd2+ Kc8 28. Qd4 Qc7 29. Ne4 e5 30. Qd6 Qxc4 31. Qf8+ Kd7 32. Qd6+ Kc8 33.
Qf8+ Kd7 34. Qd6+ 1/2-1/2

[Event "BL 0910 SK König Tegel - Solinger SG"]
[Site "?"]
[Date "2010.03.20"]
[Round "12.2"]
[White "Stern, Rene"]
[Black "Buhmann, Rainer"]
[Result "0-1"]
[WhiteElo "2501"]
[BlackElo "2603"]
[PlyCount "102"]
[EventDate "2010.??.??"]

1. d4 d5 2. c4 e6 3. Nc3 c6 4. e4 Bb4 5. cxd5 exd5 6. exd5 cxd5 7. Bd3 Nc6 8.
Nf3 Nge7 9. O-O Bg4 10. Re1 Qd7 11. Be3 O-O 12. h3 Bf5 13. Bf1 Rac8 14. Rc1 h6
15. a3 Bd6 16. Na4 b6 17. Ba6 Rcd8 18. Nc3 Bb8 19. Bb5 Qd6 20. Qa4 Rc8 21. Ne2
Qf6 22. Nd2 Qg6 23. Kh1 Qf6 24. b4 Nd8 25. Rxc8 Nxc8 26. Nc3 Qd6 27. Nf1 Ne6
28. Qb3 Ne7 29. Be2 Rd8 30. Bf3 Bg6 31. Kg1 Kh8 32. g3 Bf5 33. Bg2 Bd3 34. Nd2
Bf5 35. Nf3 Ng6 36. Nd2 Ne7 37. Nf3 Nc6 38. Rd1 Be4 39. Ne5 Nxe5 40. dxe5 Qxe5
41. Bxe4 d4 42. f4 Qh5 43. Bf2 dxc3 44. Rxd8+ Nxd8 45. Qxc3 Qxh3 46. f5 Qg4 47.
Qd3 Qg5 48. Qd7 Bxg3 49. Qe8+ Kh7 50. f6+ g6 51. Qxd8 Bc7+ 0-1

[Event "BL 0910 SK König Tegel - Solinger SG"]
[Site "?"]
[Date "2010.03.20"]
[Round "12.3"]
[White "Werle, Jan"]
[Black "Muse, Mladen"]
[Result "1-0"]
[WhiteElo "2563"]
[BlackElo "2448"]
[PlyCount "37"]
[EventDate "2010.??.??"]

1. d4 Nf6 2. c4 g6 3. Nc3 Bg7 4. e4 d6 5. Nf3 O-O 6. Be2 e5 7. O-O Na6 8. Re1
c6 9. Bf1 exd4 10. Nxd4 Ng4 11. h3 Nxf2 12. Kxf2 Qb6 13. Nce2 f5 14. Kg1 Nc5
15. exf5 Re8 16. fxg6 hxg6 17. Kh2 Re4 18. Nf3 Qc7 19. Bf4 1-0

[Event "BL 0910 SK König Tegel - Solinger SG"]
[Site "?"]
[Date "2010.03.20"]
[Round "12.5"]
[White "Ernst, Sipke"]
[Black "Muse, Drazen"]
[Result "1/2-1/2"]
[WhiteElo "2589"]
[BlackElo "2367"]
[PlyCount "42"]
[EventDate "2010.??.??"]

1. d4 d5 2. c4 c6 3. Nf3 Nf6 4. Nc3 a6 5. Ne5 Nbd7 6. g3 e6 7. Bg2 Bd6 8. Bf4
Bc7 9. O-O O-O 10. Rc1 Nxe5 11. Bxe5 dxc4 12. e3 Rb8 13. Qe2 b5 14. f4 Bb7 15.
Rcd1 Nd7 16. Qg4 g6 17. Qh3 f5 18. g4 Nxe5 19. fxe5 Qe7 20. gxf5 exf5 21. Bf3
Bb6 1/2-1/2

[Event "BL 0910 SK König Tegel - Solinger SG"]
[Site "?"]
[Date "2010.03.20"]
[Round "12.6"]
[White "Fruebing, Stefan"]
[Black "Naumann, Alexander"]
[Result "1/2-1/2"]
[WhiteElo "2337"]
[BlackElo "2522"]
[PlyCount "54"]
[EventDate "2010.??.??"]

1. e4 c5 2. Nf3 d6 3. d4 cxd4 4. Nxd4 Nf6 5. Nc3 a6 6. Be3 Ng4 7. Bc1 Nf6 8.
Be3 Ng4 9. Bc1 Nc6 10. Be2 Qb6 11. Bxg4 Qxd4 12. O-O Bxg4 13. Qxg4 e6 14. Rd1
Qf6 15. Qg3 Rc8 16. Bf4 Ne5 17. Bg5 Qg6 18. f4 Nc4 19. f5 Qh5 20. b3 Ne5 21.
Bf4 Qg4 22. Bxe5 Qxg3 23. Bxg3 Rxc3 24. Bxd6 Bxd6 25. Rxd6 Rxc2 26. Rad1 O-O
27. R1d2 Rc5 1/2-1/2

[Event "BL 0910 SK König Tegel - Solinger SG"]
[Site "?"]
[Date "2010.03.20"]
[Round "12.7"]
[White "Hoffmann, Michael"]
[Black "Sarbok, Torsten"]
[Result "1-0"]
[WhiteElo "2513"]
[BlackElo "2319"]
[PlyCount "67"]
[EventDate "2010.??.??"]

1. d4 d5 2. c4 c6 3. Nf3 Nf6 4. Nc3 e6 5. Bg5 Nbd7 6. e3 Be7 7. Bd3 O-O 8. O-O
dxc4 9. Bxc4 c5 10. Qe2 cxd4 11. Nxd4 Ne5 12. Rfd1 Qa5 13. Ne4 Nxc4 14. Qxc4
Nd5 15. Bxe7 Nxe7 16. Rac1 Nd5 17. Nd6 Nb6 18. Qb3 e5 19. Nxf7 Qd5 20. Qxd5
Nxd5 21. Nxe5 Re8 22. Nc4 Bg4 23. f3 Bh5 24. e4 Nf4 25. g3 Nh3+ 26. Kg2 Ng5 27.
g4 Bxg4 28. fxg4 Rxe4 29. h3 Rd8 30. Nf3 Rxd1 31. Rxd1 Nxf3 32. Rd8+ Kf7 33.
Nd6+ Ke7 34. Nxe4 1-0

[Event "BL 0910 SK König Tegel - Solinger SG"]
[Site "?"]
[Date "2010.03.20"]
[Round "12.8"]
[White "Breier, Andreas"]
[Black "Gabriel, Christian"]
[Result "1/2-1/2"]
[WhiteElo "2405"]
[BlackElo "2507"]
[PlyCount "126"]
[EventDate "2010.??.??"]

1. d4 d5 2. c4 dxc4 3. Nf3 Nf6 4. e3 e6 5. Bxc4 c5 6. O-O a6 7. Nc3 b5 8. Bb3
Bb7 9. dxc5 Qxd1 10. Rxd1 Bxc5 11. Bd2 Nbd7 12. Rac1 Rc8 13. Ne2 Ke7 14. Nf4
Bd6 15. Nd3 Ne4 16. Ba5 Rxc1 17. Rxc1 Nec5 18. Nxc5 Nxc5 19. Bb4 Rc8 20. Rd1
Bxf3 21. gxf3 Nb7 22. Bc3 b4 23. Be1 a5 24. f4 Rc5 25. Bd2 g5 26. fxg5 Rxg5+
27. Kh1 Nc5 28. Bc2 Rh5 29. f4 e5 30. Kg2 exf4 31. exf4 Ne6 32. Rf1 h6 33. Be3
Bc5 34. Bc1 Bd6 35. Be4 Rh4 36. Kg3 Rh5 37. Be3 Rg5+ 38. Kf3 Rh5 39. Kg2 Bc5
40. Bd2 Bd6 41. Rf2 Kf6 42. Kf3 Nc5 43. Bc2 Rd5 44. Be3 Ne6 45. Be4 Nd4+ 46.
Kg4 Nf5 47. Bb6 h5+ 48. Kf3 Rb5 49. Bd8+ Be7 50. Bxe7+ Kxe7 51. Bxf5 Rxf5 52.
Rc2 Rd5 53. Ke4 Kd6 54. f5 f6 55. Kf4 Rd4+ 56. Ke3 Rh4 57. Kf3 a4 58. Re2 Kd5
59. b3 axb3 60. axb3 Rh3+ 61. Kf4 Rh4+ 62. Kf3 Rh3+ 63. Kf4 Rh4+ 1/2-1/2

[Event "BL 0910 Schachfr. Berlin - SC Remagen"]
[Site "?"]
[Date "2010.03.20"]
[Round "12.1"]
[White "Gharamian, Tigran"]
[Black "Lauber, Arnd"]
[Result "1/2-1/2"]
[WhiteElo "2611"]
[BlackElo "2517"]
[PlyCount "59"]
[EventDate "2010.??.??"]

1. e4 c6 2. d4 d5 3. e5 Bf5 4. Nf3 e6 5. Be2 Nd7 6. O-O Bg6 7. Nbd2 Nh6 8. Nb3
Nf5 9. Bd2 Be7 10. g4 Nh6 11. Bxh6 gxh6 12. Qd2 h5 13. gxh5 Bxh5 14. Kh1 Bxf3+
15. Bxf3 Bg5 16. Qa5 Qxa5 17. Nxa5 c5 18. c4 cxd4 19. cxd5 Nxe5 20. Bg2 Bf4 21.
Nxb7 Ke7 22. Rad1 d3 23. Nc5 Rab8 24. b3 d2 25. Ne4 exd5 26. Nxd2 Rhd8 27. Rfe1
Kf8 28. Nf1 Rbc8 29. Re2 Rc5 30. Kg1 1/2-1/2